Villes et villages des Alpes-Maritimes - Statistiques

Statistiques générales
  • Ce quiz a été pris 80 fois
  • Le résultat moyen est 28 sur 75
Statistiques - réponses
Hint Réponse % Correct
73 255 Cannes
100%
348 085 Nice
100%
75 130 Antibes
93%
52 580 Cagnes-sur-Mer
89%
48 323 Grasse
87%
30 412 Menton
87%
30 941 Saint-Laurent-du-Var
84%
21 561 Mandelieu-la-Napoule
80%
19 415 Vence
73%
13 277 Carros
71%
41 597 Le Cannet
69%
16 779 Villeneuve-Loubet
69%
4 989 Villefranche-sur-Mer
67%
19 677 Mougins
62%
28 025 Vallauris
62%
12 674 Beausoleil
60%
2 189 Eze
60%
9 880 Biot
58%
3 796 Beaulieu-sur-Mer
55%
13 277 Valbonne
55%
3 183 Saint-Paul-de-Vence
53%
1 362 Théoule-sur-Mer
51%
1 471 Saint-Jean-Cap-Ferrat
49%
10 531 Mouans-Sartoux
47%
12 371 Roquebrune-Cap-Martin
47%
4 760 Tourette-Levens
47%
8 084 La Colle-sur-Loup
45%
10 276 La Trinité
44%
4 508 Cap-d'Ail
42%
3 803 Sospel
40%
3 015 La Turbie
38%
2 393 Opio
35%
7 133 La Gaude
31%
5 165 Levens
31%
8 045 Pégomas
31%
8 256 Peymeinade
31%
7 544 Contes
29%
5 436 Drap
29%
1 341 Saint-Etienne-de-Tinée
29%
1 385 Saint-Martin-Vésubie
29%
2 947 Le Bar-sur-Loup
27%
4 303 Saint-Jeannet
27%
2 021 Tende
27%
2 206 Breil-sur-Roya
25%
2 287 Peille
25%
7 276 Roquefort-les-Pins
25%
3 667 Saint-Vallier-de-Thiey
25%
4 092 Tourrettes-sur-Loup
22%
3 251 Auribeau-sur-Siagne
20%
3 375 Saint-Martin-du-Var
20%
3 487 Colomars
18%
5 436 La Roquette-sur-Siagne
18%
4 157 Le Rouret
18%
1 264 Lucéram
18%
1 813 Puget-Théniers
18%
5 782 Saint-André-de-la-Roche
18%
3 716 Châteauneuf-Grasse
16%
3 924 Saint-Cézaire-sur-Siagne
16%
1 285 Cantaron
15%
4 287 Gattières
15%
1 608 Gilette
15%
1 445 Peillon
15%
1 200 Lantosque
13%
2 563 L'Escarène
13%
1 393 Cabris
11%
1 687 Castagniers
11%
1 527 Gorbio
11%
1 367 Saint-Blaise
11%
1 351 Sainte-Agnès
11%
1 659 Blausasc
9%
1 442 Le Broc
9%
2 111 Falicon
7%
1 815 Roquebillère
5%
2 300 Aspermont
0%
3 105 Le Tigret
0%
Aucun quiz correspondant
Distribution des résultats
% des personnes avec chaque résultat
Percentile par nombre de réponses
Votre historique - résultats
Vous n’avez pas pris ce quiz